مكتبة جامعة عجلون الوطنية

فهرس بحث المكتبة

Normal view MARC view
  • القضاء الاداري -- مصر -- القضاء الاداري -- فرنسا

Entry Topical Term

Number of records used in: 1

001 - CONTROL NUMBER

  • control field: 32454

003 - CONTROL NUMBER IDENTIFIER

  • control field: JO-AjAnu

005 - DATE AND TIME OF LATEST TRANSACTION

  • control field: 20230606075444.0

008 - FIXED-LENGTH DATA ELEMENTS

  • fixed length control field: 230606|| aca||aabn | a|a d

040 ## - CATALOGING SOURCE

  • Original cataloging agency: JO-AjAnu
  • Transcribing agency: JO-AjAnu

150 ## - HEADING--TOPICAL TERM

  • Topical term or geographic name entry element: القضاء الاداري -- مصر -- القضاء الاداري -- فرنسا

670 ## - SOURCE DATA FOUND

  • Source citation: Work cat.: (JO-AjAnu)16671: خاطر ، شريف يوسف , author 32453, دور القضاء الإداري المستعجل في حماية الحريات الأساسية : دراسة تحليلية تطبيقية للمادة 521-2 من تقنين القضاء الإداري الفرنسي مقارنة بالقانون المصري